India 2015: (Record no. 93177)
[ view plain ]
| 000 -LEADER | |
|---|---|
| fixed length control field | 00777nam a22001937a 4500 |
| 005 - DATE AND TIME OF LATEST TRANSACTION | |
| control field | 20150427173240.0 |
| 010 ## - LCCN (DPL NO) | |
| LC control number | B-593938 |
| 020 ## - INTERNATIONAL STANDARD BOOK NUMBER | |
| International Standard Book Number | 9788123019789 |
| Terms of availability | 350.00 |
| 035 ## - SYSTEM CONTROL NUMBER | |
| System control number | B-593938 |
| 037 ## - SOURCE OF ACQUISITION | |
| Source of stock number/acquisition | UBH |
| 082 ## - DEWEY DECIMAL CLASSIFICATION NUMBER | |
| Classification number | 954 |
| 245 ## - TITLE STATEMENT | |
| Title | India 2015: |
| Statement of responsibility, etc | complied by New Media Wing |
| Remainder of title | a reference annual/ |
| 250 ## - EDITION STATEMENT | |
| Edition statement | 59thed. |
| 260 ## - PUBLICATION, DISTRIBUTION, ETC. (IMPRINT) | |
| Place of publication, distribution, etc | Delhi |
| Name of publisher, distributor, etc | Publication Division |
| Date of publication, distribution, etc | 2015 |
| 270 ## - ADDRESS | |
| Address | Ministery of Information and Broadcasting, Government Of India,Soochna Bhawan,CGO Complex,Lodhi Road. City |
| City | New Delhi |
| Postal code | 110003 |
| 300 ## - PHYSICAL DESCRIPTION | |
| Extent | 1112 p. |
| Dimensions | 23cm(pbk) |
| 942 ## - ADDED ENTRY ELEMENTS (KOHA) | |
| Source of classification or shelving scheme | Dewey Decimal Classification |
| Item type | English Books |
| Call number suffix | IND |
| Classification part | 954 |
| Withdrawn status | Lost status | Not for loan | Collection code | Home library | Current library | Date acquired | Source of acquisition | Cost, normal purchase price | Full call number | Barcode | Copy number | Cost, replacement price | Koha item type |
|---|---|---|---|---|---|---|---|---|---|---|---|---|---|
| Non-fiction | Sarojini Nagar | Sarojini Nagar | 24/04/2015 | UBH/269/26.2.15/DPL/ZLS/RP/2014-15/4/64/19.2.15/10.3.15 | 350.00 | 954 IND | B-593938 | 1 | 350.00 | English Books |
